| 000 | 00709nam a22002291 4500 | ||
|---|---|---|---|
| 001 | 10032 | ||
| 003 | BD-RjUL | ||
| 005 | 20211208234900.0 | ||
| 008 | 140122s19671963nyua 001 0 eng d | ||
| 035 | _a(BD-RjUL)10079 | ||
| 040 |
_aDLC/ICU _cICU _dDLC _dBD-RjUL _beng |
||
| 041 | _aeng | ||
| 082 | 0 | 0 |
_a539.7 _bBUN 1963-1967 |
| 100 | 1 |
_aBurcham, W. E. _928145 |
|
| 245 | 1 | 0 |
_aNuclear physics : _ban introduction. / _cby W. E. Burcham |
| 260 |
_aNew York : _bMcGraw-Hill ; _aLondon: _bLongmans, _c1963 _c[Impression 1967] |
||
| 300 |
_axiv, 767 p. : _bill. ; _c23 cm. |
||
| 505 | _aIncludes bibliographical references and index. | ||
| 650 | 0 |
_aNuclear physics. _930970 |
|
| 942 |
_2ddc _cBK |
||
| 999 |
_c10032 _d10032 |
||